Face à face entre les sports. - Statistiques

Statistiques générales
  • Ce quiz a été pris 154 fois
  • Le résultat moyen est 2 sur 5
Statistiques - réponses
Question Réponse % Correct
Quel est le sport collectif qui implique le plus de contacts physiques ? Rugby
67%
Quel est le sport collectif qui sollicite le plus le système cardiovasculaire ? Water-polo
63%
Quel est le sport collectif le plus pratiqué au monde ? Football
36%
Quel est le sport collectif qui nécessite les plus de force et de puissance musculaire ? Rugby
31%
Enfin, quel est le sport collectif considéré comme le meilleur du monde ? Basketball
5%
Aucun quiz correspondant
Distribution des résultats
% des personnes avec chaque résultat
Percentile par nombre de réponses
Votre historique - résultats
Vous n’avez pas pris ce quiz